000 00772nam a2200229 a 4500
005 20160114020928.0
008 160114b2007 ck ||||gr||||f00| 0 spa d
020 _a9789589810453
040 _aCO-BoIAVH
_cCO-BoIAVH
041 0 _aspa
044 _ack
082 0 4 _a333.91
_bP77n
245 1 0 _aPolítica nacional del océano y los espacios costeros PNOEC /
260 _aSanta Marta :
_bCCO,
_c2007.
300 _a56 páginas ;
_c23 x 16 cm.
490 0 _aSerie de documentos generales INVEMAR ;
_v19
650 6 _aPolítica ambiental
_zColombia
650 6 _aZonas marinas
_xPolítica ambiental
_zColombia
650 4 _aEspacios costeros
_xPolítica ambiental
_zColombia
710 2 _aComisión Colombiana del Océano
942 _cLIBRO
_2ddc
999 _c6837
_d6837